000 00672nam a2200229 a 4500
003 OSt
005 20141111132853.0
008 030630s1999 espd 000 0 spa d
020 _a84-8088-353-7
040 _cBMC
082 _a658.15
100 1 _aTomàs Campà, Jaume
_927439
245 1 0 _aCómo analizan las entidades financieras a sus clientes
_cJaume Tomàs, Oriol Amat, Mercè Esteve
250 _a1ª ed
260 _aBarcelona
_bGestión 2000
_c1999
300 _a232 p.
_bgráf.
_c23 cm
504 _aBibliografía: p. 233.
650 2 4 _aAnálisis financiero
_926833
700 1 _aAmat, Oriol
_96034
700 1 _aEsteve, Mercè
_927437
942 _2ddc
_cBK
999 _c15146
_d15146